| 000 | 00457nam a22001817a 4500 | ||
|---|---|---|---|
| 003 | OSt | ||
| 005 | 20140310182236.0 | ||
| 008 | 121116t xxu||||| |||| 00| 0 eng d | ||
| 020 | _a0671881957 | ||
| 050 |
_aPZ 7 _b.K26n104 1995 |
||
| 082 |
_aFIC _bK25nf #104 |
||
| 245 |
_aKiss and tell / _cCarolyn Keene. |
||
| 260 |
_aNew York : _bPocket Books, _c1995. |
||
| 300 |
_a151 p. ; _c18 cm. |
||
| 650 |
_aFiction _9746 |
||
| 942 |
_2lcc _cBK-FIC |
||
| 999 |
_c11030 _d11030 |
||